| 000 | 00857nam a22002177a 4500 | ||
|---|---|---|---|
| 005 | 20090217140552.0 | ||
| 008 | 090217t xxu||||| |||| 00| 0hin d | ||
| 010 | _aHIN-45897 | ||
| 020 | _c150.00 | ||
| 035 | _aHN-27254 | ||
| 037 | _bDBAD / PUB | ||
| 040 |
_aDPL _bHN |
||
| 082 | _bउ | ||
| 100 | _aमिश्रा, रमेश कुमार | ||
| 245 |
_aअंधेरे का फकीर / _cरमेश कुमार मिश्रा |
||
| 260 |
_aनई दिल्ली _bएस. के. पब्लिशर्स _c1999 |
||
| 270 | _bनई दिल्ली | ||
| 300 |
_a163 पृ. _c23सेमी |
||
| 942 |
_2ddc _cHN _mमिश्रार |
||
| 999 |
_c23957 _d23957 |
||